Most Populous Country of Africa per Letter Minefield Quiz Stats

 Plays Quiz Updated Jul 2, 2018

Challenge
Share
Tweet
Embed
Score 0/16 Timer 06:00
1 Play Today
Letter Country % Correct
A???
57.5%
N???
56.7%
E???
46.3%
D???
44%
S???
43.4%
K???
41.4%
U???
38.9%
Z???
33.9%
Letter Country % Correct
T???
29.1%
G???
24.5%
R???
23.5%
L???
22.9%
C???
20.3%
M???
17.6%
B???
17.4%
Mines???
6.3%

You're not logged in!

Compare scores with friends on all Sporcle quizzes.
OR
Log In

You Might Also Like...

Show Comments

Extras

Top Quizzes Today


Score Distribution

Your Account Isn't Verified!

In order to create a playlist on Sporcle, you need to verify the email address you used during registration. Go to your Sporcle Settings to finish the process.

Report this User

Report this user for behavior that violates our Community Guidelines.

Details: